Classical political philosophy/ (Record no. 11923)

MARC details
000 -LEADER
fixed length control field 00566nam a22002057a 4500
005 - DATE AND TIME OF LATEST TRANSACTION
control field 20240902082225.0
008 - FIXED-LENGTH DATA ELEMENTS--GENERAL INFORMATION
fixed length control field 240902b |||||||| |||| 00| 0 eng d
020 ## - INTERNATIONAL STANDARD BOOK NUMBER
International Standard Book Number 9789358497465
040 ## - CATALOGING SOURCE
Original cataloging agency IN-DiNC
Transcribing agency IN-DiNC
041 ## - LANGUAGE CODE
Language code of sung or spoken text English
082 ## - DEWEY DECIMAL CLASSIFICATION NUMBER
Classification number 320.512
Item number DAS
100 ## - MAIN ENTRY--PERSONAL NAME
Personal name Das, Deepan
Relator term Author
245 ## - TITLE STATEMENT
Title Classical political philosophy/
Statement of responsibility, etc. by Deepan Das and Bondita Borbora
250 ## - EDITION STATEMENT
Edition statement 1st ed.
260 ## - PUBLICATION, DISTRIBUTION, ETC.
Place of publication, distribution, etc. Dibrugarh:
Name of publisher, distributor, etc. Banalata,
Date of publication, distribution, etc. 2024.
300 ## - PHYSICAL DESCRIPTION
Extent 160p.
650 ## - SUBJECT ADDED ENTRY--TOPICAL TERM
Topical term or geographic name entry element Ancient political thought
700 ## - ADDED ENTRY--PERSONAL NAME
Personal name Borbora, Bondita
Relator term Author
942 ## - ADDED ENTRY ELEMENTS (KOHA)
Source of classification or shelving scheme Dewey Decimal Classification
Koha item type Books
Holdings
Withdrawn status Lost status Source of classification or shelving scheme Damaged status Not for loan Collection code Home library Current library Shelving location Date acquired Cost, normal purchase price Total Checkouts Full call number Barcode Date last seen Date last checked out Copy number Price effective from Koha item type
    Dewey Decimal Classification     Political Science Central Library, Naharkatiya College Central Library, Naharkatiya College General Stacks 02/09/2024 220.00 1 320.512 DAS 30163 01/12/2025 09/09/2025 1 02/09/2024 Books
    Dewey Decimal Classification     Political Science Central Library, Naharkatiya College Central Library, Naharkatiya College General Stacks 02/09/2024 220.00 5 320.512 DAS 30164 01/12/2025 13/11/2025 2 02/09/2024 Books
    Dewey Decimal Classification     Political Science Central Library, Naharkatiya College Central Library, Naharkatiya College General Stacks 02/09/2024 220.00 12 320.512 DAS 30165 01/12/2025 10/11/2025 3 02/09/2024 Books

Naharkatiya College © 2020. All rights reserved.

Powered By